| 000 | 00817nam a2200277Ia 4500 | ||
|---|---|---|---|
| 003 | OSt | ||
| 005 | 20220926020908.0 | ||
| 006 | a|||||r|||| 00| 0 | ||
| 007 | ta | ||
| 008 | 220923b |||||||| |||| 00| 0 eng d | ||
| 020 | _a0387072489 | ||
| 037 | _cGeneral Book | ||
| 040 |
_aRTL _cRTL _beng |
||
| 041 |
_2eng _aeng |
||
| 082 | _aR2xM96, L6 | ||
| 100 | _aInhelder Barbel | ||
| 245 | 0 |
_aPiaget and his school _b A reader in development ps |
|
| 260 |
_aNew York _bSpringer Verlag U. S. A. _c1976 |
||
| 300 |
_axiii, 301p _ccm. |
||
| 500 | _aBibliography: P 281-88 | ||
| 650 | _a Philosophy | ||
| 650 |
_aEpistemology-Piaget _9255269 |
||
| 700 |
_a Chipman Harold H Ed. _9325352 |
||
| 942 |
_hR2xM96, L6 _cGB _2CC |
||
| 999 |
_c635212 _d635212 |
||